000 00357nam a22001217a 4500
008 230609b xxu||||| |||| 00| 0 eng d
082 _a353.900
_bGOK
110 _bGOK
245 _aProgramme Review and Forward Budget 1990/91-1992/93
_bDevelopment Expenditures
_cVolume I (Votes D1-D17)
260 _aNairobi
_cJanuary, 1990
300 _a576p
942 _2ddc
_cBK
999 _c884
_d884